La aportación al patrimonio histórico-educativo de las fundaciones benéfico-docentes : el caso de la Fundación Sierra-Pambley de León (Record no. 162690)

MARC details
000 -CABECERA
campo de control de longitud fija 00642nab a2200193 a 4500
005 - FECHA Y HORA DE LA ÚLTIMA TRANSACCIÓN
campo de control 20210219161717.0
008 - ELEMENTOS DE LONGITUD FIJA--INFORMACIÓN GENERAL
campo de control de longitud fija 991125s1985 mx 000 0 spa u
035 ## - NÚMERO DE CONTROL DEL SISTEMA
Número de control de sistema UPN01000190587
100 1# - ASIENTO PRINCIPAL--NOMBRE PERSONAL
Nombre de persona Celada Perandones, Pablo
222 ## - TÍTULO CLAVE
Título clave REVISTA DE CIENCIAS DE LA EDUCACION
245 ## - MENCIÓN DE TÍTULO
Título La aportación al patrimonio histórico-educativo de las fundaciones benéfico-docentes : el caso de la Fundación Sierra-Pambley de León
260 ## - PUBLICACIÓN, DISTRIBUCIÓN, ETC.
Lugar de publicación, distribución, etc. Madrid, España
300 ## - DESCRIPCIÓN FÍSICA
Extensión 303-324
362 0# - FECHAS DE PUBLICACIÓN Y/O DESIGNACIÓN SECUENCIAL
Fecha de publicación y/o designación secuencial 2012 Nos. 231-232, jul.-dic.
653 0# - TERMINO DE INDIZACION - NO CONTROLADO
Término no controlado PATRIMONIO HISTORICO EDUCATIVO
653 0# - TERMINO DE INDIZACION - NO CONTROLADO
Término no controlado MUSEOS
653 0# - TERMINO DE INDIZACION - NO CONTROLADO
Término no controlado BIBLIOTECAS
905 ## - TIPO DE MATERIAL
Tipo de material Articulo

No items available.